Estadísticas para Grandes Lagos de África

Haz click aquí para intentar la prueba.

Estadísticas generales

  • Esta prueba ha sido intentada 718 veces
  • La puntuación promedio es 3 de 9

Respuestas en el mapa

Las respuestas están codificadas por una escala verde-roja en el mapa de la prueba según el % correcto abajo.
 

Estadísticas de respuestas

Km2Lago% Correcto
68,800Victoria
99%
29,600Malaui
64%
32,900Tanganica
48%
5,300Alberto
29%
2,325Eduardo
27%
2,700Kivu
24%
6,405Turkana
22%
5,760Rukwa
18%
5,120Moero
15%

Distribución de puntuación

Porcentaje por número respondido

Porcentaje de gente con cada puntuación

Historial de tus puntuaciones

No has intentado esta prueba.